Infarkt myokardu /

Další autoři: Staněk, Vladimír, 1933-
Jazyk: Čeština
Vydáno: Praha : Avicenum, 1986
Vydání: 1. vyd.
Témata:
Externí odkaz: Digitalizovaný dokument
Fyzický popis: 367 s.
Knihy
Uloženo v:
LEADER 01349nam a22003492a 4500
001 000149707
003 CZ BrMZK
005 20070413082057.0
007 ta
008 950101s1986 xr f cze d
015 |a cnb000031657 
035 |a (OCoLC)19480855 
040 |a BOA001  |b cze 
072 7 |a 616  |x Patologie. Klinická medicína  |2 Konspekt  |9 14 
080 |a 616.127-005.8  |2 MRF 
080 |a (048.8)  |2 MRF 
245 0 0 |a Infarkt myokardu /  |c Vladimír Staněk a spolupracovníci 
250 |a 1. vyd. 
260 |a Praha :  |b Avicenum,  |c 1986 
300 |a 367 s. 
504 |a Obsahuje bibliografie 
500 |a Dostupné též v digitální podobě v aplikaci Kramerius 
650 0 7 |a infarkt myokardu  |7 ph114764  |2 czenas 
655 7 |a monografie  |7 fd132842  |2 czenas 
700 1 |a Staněk, Vladimír,  |d 1933-  |7 jn20000402271  |4 aut 
856 4 1 |u http://www.digitalniknihovna.cz/mzk/uuid/uuid:4f535dc0-c518-11e7-bfaa-005056827e52  |y Digitalizovaný dokument  |x NDK 
910 |a BOA001  |b 2-0921.408 
990 |a BK 
991 |b 200701 
996 7 |b 2610449800  |c 2-0921.408  |l MZK  |r Sklad / do 1 hodiny  |n 1  |w 000149707  |u 000040  |a 1  |e BOA001  |j MZK50  |s A 
996 6 |b 2619921093  |c 2-0921.408  |l MZK  |r Sklad / do 1 hodiny  |n 0  |w 000149707  |u 000020  |a 1  |e BOA001  |j MZK50  |s P 
996 7 |b 2619954097  |c 2-0921.408  |l MZK  |r Sklad / do 1 hodiny  |n 7  |w 000149707  |u 000010  |a 1  |e BOA001  |j MZK50  |s A